<?xml version="1.0" encoding="UTF-8"?>
<record
    xmlns:xsi="http://www.w3.org/2001/XMLSchema-instance"
    xsi:schemaLocation="http://www.loc.gov/MARC21/slim http://www.loc.gov/standards/marcxml/schema/MARC21slim.xsd"
    xmlns="http://www.loc.gov/MARC21/slim">

  <leader>01196na  a2200277   4500</leader>
  <controlfield tag="001">22817</controlfield>
  <controlfield tag="003">MIRAKIL</controlfield>
  <controlfield tag="005">20181213155237.0</controlfield>
  <controlfield tag="008">170226b        tu            000 0      </controlfield>
  <datafield tag="040" ind1=" " ind2=" ">
    <subfield code="a">Milas</subfield>
    <subfield code="b">tur</subfield>
    <subfield code="c">TR-AnCHP</subfield>
  </datafield>
  <datafield tag="041" ind1=" " ind2=" ">
    <subfield code="a">tur</subfield>
  </datafield>
  <datafield tag="082" ind1=" " ind2=" ">
    <subfield code="a">CHP 327.106</subfield>
    <subfield code="b">C36y [t.y.]</subfield>
  </datafield>
  <datafield tag="090" ind1=" " ind2=" ">
    <subfield code="a">CHP 327.106 C36y [t.y.]</subfield>
  </datafield>
  <datafield tag="091" ind1=" " ind2=" ">
    <subfield code="a">DI&#x15E; POL&#x130;T&#x130;KA -3- AB</subfield>
  </datafield>
  <datafield tag="110" ind1=" " ind2=" ">
    <subfield code="a">Cumhuriyet Halk Partisi (CHP)</subfield>
    <subfield code="b">Bilim Y&#xF6;netim ve K&#xFC;lt&#xFC;r Platformu (BYKP)</subfield>
    <subfield code="b">D&#x131;&#x15F; &#x130;li&#x15F;kiler ve Yurtd&#x131;&#x15F;&#x131; &#xD6;rg&#xFC;tlenmeleri Genel Ba&#x15F;kan Yard&#x131;mc&#x131;l&#x131;&#x11F;&#x131;</subfield>
  </datafield>
  <datafield tag="222" ind1=" " ind2=" ">
    <subfield code="a">AB temsilcili&#x11F;i raporlar&#x131;</subfield>
  </datafield>
  <datafield tag="245" ind1=" " ind2=" ">
    <subfield code="a">Yurtd&#x131;&#x15F;&#x131; se&#xE7;im &#xE7;evresi</subfield>
    <subfield code="b">adil bir se&#xE7;im sistemine do&#x11F;ru</subfield>
    <subfield code="c">Cumhuriyet Halk Partisi Bilim Y&#xF6;netim K&#xFC;lt&#xFC;r Platformu D&#x131;&#x15F; &#x130;li&#x15F;kiler ve Yurtd&#x131;&#x15F;&#x131; &#xD6;rg&#xFC;tlenmeleri Genel Ba&#x15F;kan Yard&#x131;mc&#x131;l&#x131;&#x11F;&#x131;</subfield>
  </datafield>
  <datafield tag="300" ind1=" " ind2=" ">
    <subfield code="a">4</subfield>
    <subfield code="c">30 sm.</subfield>
  </datafield>
  <datafield tag="440" ind1=" " ind2=" ">
    <subfield code="a">Cumhuriyet Halk Partisi yay&#x131;nlar&#x131;</subfield>
    <subfield code="p">Bro&#x15F;&#xFC;rler</subfield>
  </datafield>
  <datafield tag="610" ind1=" " ind2=" ">
    <subfield code="a">CHP</subfield>
    <subfield code="x">Yurtd&#x131;&#x15F;&#x131; temsilcilikleri</subfield>
    <subfield code="y">Raporlar</subfield>
  </datafield>
  <datafield tag="610" ind1=" " ind2=" ">
    <subfield code="a">CHP</subfield>
    <subfield code="x">Se&#xE7;imler</subfield>
    <subfield code="z">Yurtd&#x131;&#x15F;&#x131;nda ya&#x15F;ayan T&#xFC;rkler</subfield>
  </datafield>
  <datafield tag="650" ind1=" " ind2=" ">
    <subfield code="a">Yurtd&#x131;&#x15F;&#x131;nda ya&#x15F;ayan T&#xFC;rkler</subfield>
    <subfield code="x">Se&#xE7;imler</subfield>
  </datafield>
  <datafield tag="650" ind1=" " ind2=" ">
    <subfield code="a">Cumhurba&#x15F;kan&#x131; se&#xE7;imleri</subfield>
    <subfield code="x">D&#x131;&#x15F; temsilcilikler</subfield>
  </datafield>
  <datafield tag="942" ind1=" " ind2=" ">
    <subfield code="2">ddc</subfield>
    <subfield code="c">BKS</subfield>
  </datafield>
  <datafield tag="952" ind1=" " ind2=" ">
    <subfield code="a">0001</subfield>
    <subfield code="b">0001</subfield>
    <subfield code="d">2017-02-26</subfield>
    <subfield code="e">2</subfield>
    <subfield code="l">0</subfield>
    <subfield code="o">CHP 327.106 C36y [t.y.]</subfield>
    <subfield code="p">016706</subfield>
    <subfield code="r">2017-02-26 00:00:00</subfield>
    <subfield code="v">0.00</subfield>
    <subfield code="w">2017-02-26</subfield>
    <subfield code="y">BKS</subfield>
  </datafield>
  <datafield tag="999" ind1=" " ind2=" ">
    <subfield code="c">9170</subfield>
    <subfield code="d">9170</subfield>
  </datafield>
</record>
